Atlas of Surface Palpation: anatomy of the neck, trunk, upper and lower limbs (Record no. 5900)

MARC details
000 -LEADER
fixed length control field 00609nam a22002177a 4500
003 - CONTROL NUMBER IDENTIFIER
control field OSt
005 - DATE AND TIME OF LATEST TRANSACTION
control field 20171205150332.0
008 - FIXED-LENGTH DATA ELEMENTS--GENERAL INFORMATION
fixed length control field 171205b xxu||||| |||| 00| 0 eng d
020 ## - INTERNATIONAL STANDARD BOOK NUMBER
International Standard Book Number 9780702062254
040 ## - CATALOGING SOURCE
Transcribing agency DNLM
082 ## - DEWEY DECIMAL CLASSIFICATION NUMBER
Classification number WB275 T544a 2016
100 ## - MAIN ENTRY--PERSONAL NAME
Personal name Tixa, Serge
9 (RLIN) 287
245 ## - TITLE STATEMENT
Title Atlas of Surface Palpation: anatomy of the neck, trunk, upper and lower limbs
250 ## - EDITION STATEMENT
Edition statement 3rd ed.
260 ## - PUBLICATION, DISTRIBUTION, ETC. (IMPRINT)
Place of publication, distribution, etc. Edinburgh; Elservier, 2016
300 ## - PHYSICAL DESCRIPTION
Extent xi,541p; col.ill: 27cm
504 ## - BIBLIOGRAPHY, ETC. NOTE
Bibliography, etc Appendix, glossary, & index included
650 ## - SUBJECT ADDED ENTRY--TOPICAL TERM
Topical term or geographic name as entry element Palpation
9 (RLIN) 12274
650 ## - SUBJECT ADDED ENTRY--TOPICAL TERM
Topical term or geographic name as entry element Anatomy
9 (RLIN) 124
942 ## - ADDED ENTRY ELEMENTS (KOHA)
Source of classification or shelving scheme Other/Generic Classification Scheme
Koha item type Book Bank
Holdings
Withdrawn status Lost status Source of classification or shelving scheme Damaged status Not for loan Home library Current library Date acquired Source of acquisition Inventory number Total Checkouts Full call number Barcode Date last seen Koha item type Price effective from
    Other/Generic Classification Scheme     MUST Main Library MUST Main Library 05/12/2017   17/40398   WB275 T544a 2016 2017-0944 05/12/2017 Open Shelf  
    Other/Generic Classification Scheme     MUST Main Library MUST Main Library 05/12/2017   17/40399   WB275 T544a 2016 2017-0945 05/12/2017 Open Shelf  
    Other/Generic Classification Scheme     MUST Main Library MUST Main Library 12/08/2022 Purchase 22/41932   WB275 T544a 2016 2022-7897 12/08/2022 Book 12/08/2022
    Other/Generic Classification Scheme     MUST Main Library MUST Main Library 12/08/2022 Purchase 22/41931   WB275 T544a 2016 2022-7898 12/08/2022 Book 12/08/2022
    Other/Generic Classification Scheme     MUST Main Library MUST Main Library 12/08/2022 Purchase 22/41833   WB275 T544a 2016 2022-7899 12/08/2022 Book 12/08/2022